| 000 | 00549cam a2200229ua 4500 | ||
|---|---|---|---|
| 020 | _c7.50 | ||
| 041 |
_aeng _h |
||
| 082 |
_a519.51 _bKEN/MA |
||
| 100 | _aKenney, J.F . | ||
| 245 |
_aMathematics of statistics, Part.II / _cJ.F.Kenney. _hTextual Documents |
||
| 250 |
_a2 / _b. |
||
| 260 |
_aNew York : _bD Van nostrand co , _c1963. |
||
| 300 | _a ; . | ||
| 365 | _a7.50 | ||
| 504 | _a | ||
| 700 | 1 | _aKeeping, E.S . | |
| 942 | _cBK | ||
| 999 |
_c9871 _d9871 |
||